LIBRARY & INFORMATION CENTRE, KCAET, TAVANUR

ONLINE PUBLIC ACCESS CATALOGUE (OPAC)

Chenkolum chenthamarayum / (Record no. 4241)

MARC details
000 -LEADER
fixed length control field 00431cam a2200169ua 4500
041 ## - LANGUAGE CODE
Language code of text/sound track or separate title mal
082 ## - DEWEY DECIMAL CLASSIFICATION NUMBER
Classification number 894.812308
Item number THI/CH
100 ## - MAIN ENTRY--AUTHOR NAME
Personal name Thirunainar, Kurichi .
245 ## - TITLE STATEMENT
Title Chenkolum chenthamarayum /
260 ## - PUBLICATION, DISTRIBUTION, ETC. (IMPRINT)
Place of publication Eranakulam :
Name of publisher Parishath book stall ,
Year of publication 1953.
300 ## - PHYSICAL DESCRIPTION
Number of Pages 89 ; .
942 ## - ADDED ENTRY ELEMENTS (KOHA)
Koha item type Books
Holdings
Withdrawn status Lost status Damaged status Home library Current library Date acquired Full call number Accession Number Koha item type
Withdrawn     KAUAET Malayalam University 07/04/2012 894.812308 953 Books
free website counter